| 000 | 00438nam a2200181Ia 4500 | ||
|---|---|---|---|
| 001 | 860 | ||
| 005 | 20260306140549.0 | ||
| 008 | 260306t2006||||xx |||||||||||||| ||spa|| | ||
| 041 | _aESP | ||
| 082 |
_a170.14 _bV22 |
||
| 100 |
_aValladares de Montoya, Paquita _eAUT |
||
| 245 | 0 | _aGuía de ideas sobre ética y moral | |
| 260 | _c2006 | ||
| 300 |
_a136 páginas : _c20 cm. |
||
| 650 | _aGEN | ||
| 654 | _aCHU | ||
| 942 |
_cLIB _dJUS _fJUS _2ddc _n |
||
| 999 |
_c860 _d860 |
||